000 01627nam a22002777i 4500
999 _c23313
_d23313
003 AR-CdUCM
008 250715b20222022 pe||||| |||| 00| 0 spa d
040 _aMUNICIPALIDAD PROVINCIAL DEL CUSCO
_cBIBLIOTECA MUNICIPAL DEL CUSCO
041 _hspa
082 _a793.31613 / Q
_bQ
110 _aCuadrilla Mayor Qhapaq Negro de Paucartambo
_951213
245 _aQhapaq Negro Paucartambo, Nuestra Historia /
260 _aWanchaq-Cusco :
_bEditorial Aguirre EIRL
_c2022
300 _a225 páginas. :
_bIlustraciones
_c30x23 cm.
505 _aAntecedentes del Qhapaq Negro -- Aporte Religioso, Cultural y artístico -- Festividad de la virgen del -- Danzas y Cuadrillas en la Festividad
650 _aFestividad
_934597
650 _aVirgen del Carmen
_97843
650 _aQhapaq Negro
_951215
710 _aTextos : Alarcón Urrutia, Richard Daniel
_951216
710 _aNuñez del Prado, Jorge
_951331
710 _aRubio Zapata, Miguel
_951218
710 _aTuesta Altamirano, Sonaly
_951219
710 _aVelasquez Bernal, Renzo
_951220
942 _2ddc
_cLIBROS
945 _apbjr
_d08-15-2025